Industrial Pollution/ (Record no. 204636)

MARC details
000 -LEADER
fixed length control field 00611nam a22002057a 4500
005 - DATE AND TIME OF LATEST TRANSACTION
control field 20240814112558.0
010 ## - LCCN (DPL NO)
LC control number ENG-141079
020 ## - INTERNATIONAL STANDARD BOOK NUMBER
International Standard Book Number 9789351402671
Terms of availability 300.00
035 ## - SYSTEM CONTROL NUMBER
System control number EN-124611
037 ## - SOURCE OF ACQUISITION
Source of stock number/acquisition DBAD
082 ## - DEWEY DECIMAL CLASSIFICATION NUMBER
Classification number 363.731
100 ## - MAIN ENTRY--PERSONAL NAME
Personal name Kudesia, V.P.
245 ## - TITLE STATEMENT
Title Industrial Pollution/
Statement of responsibility, etc By V.P. Kudesia [and] Neetu Sharma
260 ## - PUBLICATION, DISTRIBUTION, ETC. (IMPRINT)
Place of publication, distribution, etc Meerut
Name of publisher, distributor, etc PRAGATI PRAKASHAN
Date of publication, distribution, etc 1989
270 ## - ADDRESS
Address 240, W.K. Road, Meerut
City Meerut
Postal code 250001
300 ## - PHYSICAL DESCRIPTION
Extent 311p.
Dimensions 24cm (pbk)
650 ## - SUBJECT ADDED ENTRY--TOPICAL TERM
Topical term or geographic name as entry element Biography
700 ## - ADDED ENTRY--PERSONAL NAME
Personal name Sharma, Neetu
9 (RLIN) 10217
Relator term Author
942 ## - ADDED ENTRY ELEMENTS (KOHA)
Source of classification or shelving scheme Dewey Decimal Classification
Item type English Books
Classification part S363.731
Call number suffix KUD
Holdings
Withdrawn status Lost status Not for loan Collection code Home library Current library Date acquired Source of acquisition Cost, normal purchase price Full call number Barcode Copy number Cost, replacement price Koha item type
      Non-fiction Patel Nagar Patel Nagar 30/07/2024 DBAD 300.00 363.731 KUD EN-124611 1 300.00 English Books

© Delhi Public Library
Hit Counter
free hit counter